Political verse and song from britain and ireland

Gespeichert in:
Bibliographische Detailangaben
Format: Buch
Sprache:Undetermined
Veröffentlicht: Berlín Seven Seas 1975
Schlagworte:
Tags: Tag hinzufügen
Keine Tags, Fügen Sie den ersten Tag hinzu!

MARC

LEADER 00000nam a2200000Ia 4500
008 170316s9999 xx 000 0 und d
040 |a cru BVZT 
090 |a C-820 P-1p 
245 |a Political verse and song from britain and ireland 
260 |a Berlín 
260 |b Seven Seas 
260 |c 1975 
300 |a 440 páginas 
650 |a LITERATURA INGLESA 
650 |a CRÍTICA 
999 |c 12917  |d 12917 
942 |c 15 D  |h C-820 P-1p  |2 z